00225nam a2200097Ia 4500008004100000041000800041100001600049245003400065260000900099999001900108230508s1998 xx 000 0 und d aeng aMAHAJAN S N aMETROLOGY AND QUALITY CONTROL c1998 c739211d739211